| 000 | 00776nam a2200265Ia 4500 | ||
|---|---|---|---|
| 003 | GCL | ||
| 008 | 140319s9999 xx 000 0 ara d | ||
| 040 |
_aGCL / _cGCL |
||
| 082 | 0 | 4 |
_a925.7 _bس س |
| 100 | 1 | _aسافورى، ت.هـ | |
| 245 | 1 | 0 |
_aسبعة من علماء الحياة / _cسافورى، ت.هـ |
| 700 | 1 | _aجولسن، ف | |
| 700 | 1 | _aولتن , جون | |
| 700 | 1 | _aحسن على العجماوى (مترجم) | |
| 300 | _a114 ص | ||
| 490 |
_aالالف كتاب _v0 |
||
| 650 | 0 | 4 | _aارسطوطاليس |
| 650 | 0 | 4 | _aكارل لينيس |
| 650 | 0 | 4 | _aجان لامارك |
| 650 | 0 | 4 | _aجورج لوفية |
| 650 | 0 | 4 | _aجريجور مندل |
| 650 | 0 | 4 | _aشارلز داروين |
| 650 | 0 | 4 | _aايفان بافلوف |
| 942 |
_2ddc _cBK |
||
| 999 |
_c45952 _d45952 |
||